01010nmc a2200349 a 4500003000900000005001700009008004100026020001800067040001300085245002900098250001200127260003200139300002400171490005700195521001000252650002000262650002400282650003300306650003100339650002200370653002500392653003400417653002700451653002300478653002800501700002100529700001900550700002000569700002600589700002300615700002200638AR-BaBNM20251128211141.0033020s2002 ||||||||||||||000 | spa|| a950-16-5304-8 cAR-BaBNM10aSer humano. Libro cuarto a2ª ed. aBuenos AiresbTroquelc20020 a157 p.bil., tablas 0aSer humano. Programa Troquel de educación integral aEGB 2 4aLIBROS DE TEXTO 4aCURRICULO INTEGRADO 4aCURRICULO TRANSDISCIPLINARIO 4aACTIVIDADES DE APRENDIZAJE 4aJUEGOS EDUCATIVOS 0aEDUCACION EN VALORES 0aEDUCACION PARA LA CONVIVENCIA 0aESTRATEGIAS EDUCATIVAS 0aEDUCACION PRIMARIA 0aSEGUNDO CICLO DE LA EGB1 aGuibourg, Flavia1 aDeni, Graciela1 aBalza, Federico1 aMartínez, Alejandra1 aSztamfater, Andrea1 aCaironi, Graciela